| 000 | 00000nam##2200000za#4500 |
| 001 | 9.574064 |
| 003 | CaOODSP |
| 005 | 20210624184012 |
| 007 | cr ||||||||||| |
| 008 | 150406|1996||||xxc|||||o f|0| 0 eng|d |
| 022 | |a1488-5379 |
| 040 | |aCaOODSP|beng |
| 043 | |an-cn--- |
| 086 | 1 |aFs97-6/2087E-PDF |
| 110 | 1 |aCanada. |bDepartment of Fisheries and Oceans. |
| 245 | 10|aFishes collected from the Canadian portion of the Assiniboine River drainage / |h[electronic resource]|cby B. R. McCulloch and W. G. Franzin. |
| 260 | |aSt. John's - Newfoundland and Labrador : |bFisheries and Oceans Canada |c1996. |
| 300 | |a68p.|bmaps, references, tables |
| 490 | 1 |aCanadian technical report of fisheries and aquatic sciences|x1488-5379|v2087 |
| 500 | |aThe catalogue number (Fs97-6/2087E) and ISSN (0707-6457) for the print edition have been incorrectly copied in this electronic publication. |
| 546 | |a(Résumé en français.) |
| 590 | |a12-22-Supp|b2012-05-24 |
| 720 | 1 |aFranzin, W.G. |
| 720 | 1 |aMcCulloch, B. R. |
| 776 | 0#|tFishes collected from the Canadian portion of the Assiniboine River drainage / |w(CaOODSP)9.613640 |
| 830 | #0|aCanadian technical report of fisheries and aquatic sciences,|x1488-5379|v2087|w(CaOODSP)9.504449 |
| 856 | 40|ahttp://publications.gc.ca|qPDF|s1.93 MB|uhttps://publications.gc.ca/collections/collection_2012/mpo-dfo/Fs97-6-2087-eng.pdf|y2087 |